[Event "Women's Speed Chess Q1"]
[Site "chess.com INT"]
[Date "2020.06.18"]
[Round "9"]
[White "Fuentes Inzunza, Lesly"]
[Black "Lee, Dariya"]
[Result "1-0"]
[WhiteTitle "WFM"]
[BlackTitle "WCM"]
[WhiteElo "1840"]
[BlackElo "1523"]
[WhiteFideId "3408205"]
[BlackFideId "13801651"]
[EventDate "2020.06.18"]

1. d4 d5 2. Nf3 Nf6 3. g3 g6 4. Bg2 Bg7 5. O-O O-O 6. b3 Bf5 7. Bb2 Qd7 8. Nbd2
Bh3 9. Ne5 Qe6 10. c4 c6 11. Rc1 Bxg2 12. Kxg2 Nbd7 13. Ndf3 Ne4 14. cxd5 cxd5
15. Rc7 Nxe5 16. dxe5 Rab8 17. e3 Rfc8 18. Qc2 Rxc7 19. Qxc7 Rc8 20. Qxb7 Rc2
21. Nd4 Rxf2+ 22. Rxf2 Qxe5 23. Qc8+ Bf8 24. Nc6 Qd6 25. Be5 Qc5 26. Bd4 Qd6 27.
Re2 h5 28. Bxa7 e6 29. Bb8 Qc5 30. Na7 Qb6 31. Nc6 Kg7 32. Be5+ Kg8 33. Bd4 1-0

[Event "Women's Speed Chess Q1"]
[Site "chess.com INT"]
[Date "2020.06.18"]
[Round "9"]
[White "Ambartsumova, Karina"]
[Black "Munkhzul, Turmunkh"]
[Result "0-1"]
[WhiteTitle "IM"]
[BlackTitle "WIM"]
[WhiteElo "2371"]
[BlackElo "2278"]
[WhiteFideId "4166299"]
[BlackFideId "4901878"]
[EventDate "2020.06.18"]

1. Nf3 Nf6 2. c4 e6 3. g3 d5 4. Bg2 Be7 5. O-O O-O 6. b3 c5 7. e3 d4 8. exd4
cxd4 9. d3 Nc6 10. Re1 Re8 11. Ne5 Nxe5 12. Rxe5 Qc7 13. Re1 e5 14. Na3 Bb4 15.
Re2 Bg4 16. f3 Bf5 17. Nc2 Bc3 18. Rb1 Nd7 19. Ba3 Nc5 20. Bxc5 Qxc5 21. b4 Qc7
22. Na3 a6 23. c5 Be6 24. Qf1 f5 25. Rc2 Bd5 26. Nc4 Bxc4 27. dxc4 e4 28. fxe4
fxe4 29. Re2 e3 30. Bd5+ Kh8 31. Qf3 d3 32. Rxe3 Bd4 33. Be4 Qe5 34. Re1 d2 35.
Kg2 Bxe3 36. Rxe3 Qd4 37. Qf5 Rxe4 38. Rxe4 Qxe4+ 39. Qxe4 d1=Q 40. Qxb7 Qe2+
41. Kh3 Rf8 42. c6 Qe6+ 43. Kg2 Qe4+ 44. Kh3 h5 45. b5 axb5 46. cxb5 h4 47. Qd7
hxg3 48. hxg3 Rf6 49. Qc8+ Kh7 50. g4 Qe3+ 51. Kh4 Rh6# 0-1

[Event "Women's Speed Chess Q1"]
[Site "chess.com INT"]
[Date "2020.06.18"]
[Round "9"]
[White "Vaishali, R"]
[Black "Tania, Sachdev"]
[Result "1-0"]
[WhiteTitle "WGM"]
[BlackTitle "IM"]
[WhiteElo "2393"]
[BlackElo "2392"]
[WhiteFideId "5091756"]
[BlackFideId "5007844"]
[EventDate "2020.06.18"]

1. e4 e5 2. Nf3 Nc6 3. Bb5 a6 4. Ba4 Nf6 5. d3 Be7 6. Bxc6 dxc6 7. Nxe5 O-O 8.
O-O c5 9. h3 Bd6 10. Nf3 Nd7 11. Nc3 Ne5 12. Bf4 Ng6 13. Bxd6 Qxd6 14. Qd2 f5
15. Rfe1 fxe4 16. Nxe4 Qd5 17. Nc3 Qd6 18. Ne4 Qd5 19. Qg5 Bf5 20. Qg3 Qc6 21.
Re3 Rae8 22. Rae1 Bc8 23. Nc3 Rxe3 24. Rxe3 Nf4 25. Re4 Qf6 26. h4 b5 27. Qg5
Qxg5 28. hxg5 Bb7 29. Re7 b4 30. Ne4 Bd5 31. Rxc7 Bxa2 32. b3 Ne2+ 33. Kf1 Nf4
34. Rxc5 Bb1 35. Ned2 Ba2 36. Ra5 1-0

[Event "Women's Speed Chess Q1"]
[Site "chess.com INT"]
[Date "2020.06.18"]
[Round "9"]
[White "Injac, Teodora"]
[Black "Bodnaruk, Anastasia"]
[Result "0-1"]
[WhiteTitle "WIM"]
[BlackTitle "IM"]
[WhiteElo "2286"]
[BlackElo "2411"]
[WhiteFideId "932400"]
[BlackFideId "4181751"]
[EventDate "2020.06.18"]

1. d4 Nf6 2. Nf3 g6 3. Nbd2 d5 4. e3 Bg7 5. b4 a5 6. b5 c5 7. bxc6 Nxc6 8. Bb2
O-O 9. c3 Ne8 10. Ba3 Nd6 11. Be2 e5 12. O-O e4 13. Ne1 Be6 14. c4 f5 15. Rb1
Kh8 16. Nb3 b6 17. f4 exf3 18. Bxf3 Nxc4 19. Bxf8 Qxf8 20. Nc2 Nb4 21. Nxb4 axb4
22. Qd3 Rxa2 23. Ra1 Ra3 24. Rxa3 bxa3 25. Nd2 b5 26. Nb3 Qb4 27. Nc5 Bg8 28. g4
f4 29. Rb1 Qd2 30. Rxb5 a2 31. Qxd2 Nxd2 32. Ra5 Nxf3+ 33. Kg2 Ne1+ 34. Kf1 Nc2
35. Rxa2 Nxe3+ 36. Ke2 Bxd4 37. Nd3 g5 38. Ra8 Kg7 39. Rd8 Be6 40. h3 h5 41.
gxh5 Bxh3 42. Nf2 Bf5 43. Rd6 g4 44. h6+ Kh7 45. Nd1 Be4 0-1

[Event "Women's Speed Chess Q1"]
[Site "chess.com INT"]
[Date "2020.06.18"]
[Round "9"]
[White "Cori T., Deysi"]
[Black "Bartel, Marta"]
[Result "1-0"]
[WhiteTitle "WGM"]
[BlackTitle "WGM"]
[WhiteElo "2388"]
[BlackElo "2192"]
[WhiteFideId "3801934"]
[BlackFideId "1123009"]
[EventDate "2020.06.18"]

1. d4 f5 2. c4 g6 3. Nc3 Bg7 4. h4 h6 5. e4 fxe4 6. Nxe4 Nf6 7. Nxf6+ exf6 8.
Bd3 f5 9. h5 g5 10. Bxf5 O-O 11. Bg6 Qf6 12. Be3 Nc6 13. Ne2 d6 14. Qd3 Bg4 15.
O-O-O Nb4 16. Qb3 Bxe2 17. Rd2 Nxa2+ 18. Qxa2 Bg4 19. Qb3 b6 20. Re1 Rae8 21.
Bxe8 Rxe8 22. Qa4 Bxh5 23. Qxa7 Qf5 24. Qa4 Bg6 25. Kd1 Bh5+ 26. Kc1 Bg6 27. Kd1
Qe4 28. Qb3 Ra8 29. Ke2 Qxg2 30. c5+ Bf7 31. Qc2 Qg4+ 32. Kf1 Qh3+ 33. Kg1 Bd5
34. f3 Qxf3 35. Rh2 Qg3+ 36. Kf1 Rf8+ 37. Rf2 Qh3+ 38. Ke2 Qg4+ 39. Kd2 Rxf2+
40. Bxf2 Bf7 41. Qe4 Qxe4 42. Rxe4 bxc5 43. dxc5 dxc5 44. Bxc5 Bxb2 45. Re7 Kg7
46. Rxc7 Be5 47. Ra7 Bf4+ 48. Ke2 Kg6 49. Bd4 1-0

[Event "Women's Speed Chess Q1"]
[Site "chess.com INT"]
[Date "2020.06.18"]
[Round "9"]
[White "Miroshnik, Ekaterina"]
[Black "Ovezdurdiyeva, Jemal"]
[Result "1-0"]
[WhiteTitle "WFM"]
[BlackTitle "WFM"]
[WhiteElo "2139"]
[BlackElo "2061"]
[WhiteFideId "34127698"]
[BlackFideId "14001888"]
[EventDate "2020.06.18"]

1. d4 Nf6 2. Nf3 g6 3. c3 Bg7 4. g3 O-O 5. Bg2 d6 6. O-O Nc6 7. Nbd2 e5 8. e4
Bd7 9. b3 Qc8 10. Bb2 Bh3 11. d5 Ne7 12. Bxh3 Qxh3 13. Ng5 Qd7 14. Kg2 h6 15.
Ngf3 Nh7 16. c4 b6 17. Qe2 f5 18. exf5 gxf5 19. Nh4 Bf6 20. f4 Bxh4 21. gxh4 Ng6
22. fxe5 dxe5 23. Kh1 Rae8 24. Qh5 Rf6 25. Rg1 Qf7 26. Qxh6 Kh8 27. Qh5 Nf4 28.
Qxf7 Rxf7 29. Nf3 Nd3 30. Bc3 Nf6 31. Ng5 Rg7 32. Rg3 Nf2+ 33. Kg2 N2e4 34. Re1
Nxg3 35. hxg3 Ng4 36. Ne6 Rf7 37. Bxe5+ Nxe5 38. Rxe5 Rf6 39. Kf3 Rg8 40. Ng5
Rg7 41. Kf4 Rd7 42. Rxf5 Rxf5+ 43. Kxf5 Re7 44. g4 Re2 45. Ne6 Rxa2 46. Nxc7 Rd2
47. Ke6 Re2+ 48. Kf6 Rd2 49. Ke7 Rd3 50. d6 Re3+ 51. Ne6 Rxb3 52. d7 Rd3 53.
d8=Q+ Rxd8 54. Nxd8 a5 1-0

[Event "Women's Speed Chess Q1"]
[Site "chess.com INT"]
[Date "2020.06.18"]
[Round "9"]
[White "Kiolbasa, Oliwia"]
[Black "Hoang, Thi Bao Tram"]
[Result "0-1"]
[WhiteTitle "WIM"]
[BlackTitle "WGM"]
[WhiteElo "2160"]
[BlackElo "2288"]
[WhiteFideId "1154613"]
[BlackFideId "12401102"]
[EventDate "2020.06.18"]

1. e4 c6 2. d4 d5 3. e5 g6 4. f4 Bg7 5. Nc3 f6 6. Nf3 Nh6 7. Bd3 O-O 8. O-O a5
9. a4 Na6 10. Kh1 Qb6 11. Be3 Nc7 12. Qd2 Bd7 13. h3 fxe5 14. dxe5 Qb4 15. Rad1
c5 16. Nb5 Bxb5 17. Bxb5 d4 18. Qxb4 axb4 19. Bc1 Kh8 20. Ng5 Nf5 21. Ne4 b6 22.
g4 Nh6 23. Kh2 Nxb5 24. axb5 Ra5 25. Kg3 Rxb5 26. Ng5 Ra5 27. Ne6 Rfa8 28. Nxg7
Kxg7 29. f5 Ng8 30. Bg5 R5a6 31. Bxe7 Nxe7 32. f6+ Kf7 33. fxe7+ Kxe7 34. Rf6 b5
35. Rdf1 Rxf6 36. Rxf6 Ra2 37. Rb6 Rxb2 38. Kf4 Rxc2 39. Ke4 b3 40. Kd5 d3 41.
Rb7+ Kf8 42. e6 Re2 43. Rb8+ Kg7 44. Rb7+ Kh6 45. Rf7 d2 46. Rf1 Re1 47. e7
d1=Q+ 0-1

[Event "Women's Speed Chess Q1"]
[Site "chess.com INT"]
[Date "2020.06.18"]
[Round "9"]
[White "Tereladze, Sopiko"]
[Black "Petrova, Irina"]
[Result "1-0"]
[WhiteTitle "WIM"]
[BlackTitle "WIM"]
[WhiteElo "2141"]
[BlackElo "2087"]
[WhiteFideId "13600486"]
[BlackFideId "14124122"]
[EventDate "2020.06.18"]

1. d4 d5 2. Nf3 Nf6 3. Bf4 c5 4. e3 Nc6 5. Bd3 e6 6. c3 Qb6 7. b3 cxd4 8. exd4
Be7 9. Nbd2 Bd7 10. O-O Rc8 11. Ne5 Nd8 12. Rc1 Bb5 13. Re1 Bxd3 14. Nxd3 O-O
15. Be5 Nc6 16. Qf3 Nd7 17. Qh3 Ncxe5 18. Nxe5 Nxe5 19. Rxe5 Bf6 20. Ree1 Rc7
21. Qd3 Rfc8 22. Nf3 Qa5 23. c4 dxc4 24. bxc4 Qxa2 25. c5 Qd5 26. Qe3 b6 27.
cxb6 axb6 28. Rb1 b5 29. h3 Rc4 30. Red1 h6 31. Ne5 Bxe5 32. dxe5 Qc5 33. Qxc5
R8xc5 34. Rd8+ Kh7 35. Rb8 Rc1+ 36. Rxc1 Rxc1+ 37. Kh2 Rb1 38. f4 b4 39. g4 Kg6
40. Kg3 b3 41. Kh4 b2 42. Rb6 f6 43. exf6 gxf6 44. Rb5 e5 45. f5+ Kf7 46. Rb7+
Ke8 47. Kh5 e4 48. Kg6 e3 49. Kxf6 e2 50. Re7+ Kf8 51. Rxe2 Kg8 52. Kg6 Kf8 53.
Kxh6 Rh1 54. Rxb2 Rxh3+ 55. Kg6 Ra3 56. Rb8+ Ke7 57. f6+ Ke6 58. Re8+ Kd7 59. f7
Ra6+ 60. Kg7 1-0

[Event "Women's Speed Chess Q1"]
[Site "chess.com INT"]
[Date "2020.06.18"]
[Round "9"]
[White "Salimova, Nurgyul"]
[Black "Antolak, Julia"]
[Result "1-0"]
[WhiteTitle "IM"]
[BlackTitle "WIM"]
[WhiteElo "2372"]
[BlackElo "2323"]
[WhiteFideId "2915138"]
[BlackFideId "1159569"]
[EventDate "2020.06.18"]

1. d4 Nf6 2. Nf3 g6 3. g3 Bg7 4. Bg2 O-O 5. O-O d6 6. c4 Nc6 7. Nc3 Bg4 8. h3
Bxf3 9. Bxf3 Nd7 10. e3 e5 11. d5 Ne7 12. Bg2 f5 13. f4 e4 14. Qc2 a5 15. b3 Nc5
16. Bb2 Nd3 17. Rad1 Nxb2 18. Qxb2 Nc8 19. Qc2 Nb6 20. a4 Nd7 21. Nb5 Nc5 22.
Rf2 Qe7 23. Kh2 b6 24. Bf1 Rad8 25. Be2 Na6 26. Rg1 Nb4 27. Qd1 c6 28. dxc6 Kh8
29. c7 Rc8 30. Rfg2 Rxc7 31. Nxc7 Qxc7 32. g4 fxg4 33. Bxg4 Qc5 34. Rg3 d5 35.
cxd5 Nxd5 36. Qe1 Bc3 37. Qe2 Qb4 38. Be6 Nf6 39. Rg5 Rd8 40. R1g2 Rd6 41. Bc4
Qa3 42. Qc2 Qa1 43. Rg1 Qb2 44. Qxb2 Bxb2 45. R1g2 Bc1 46. Re2 Nd7 47. h4 Nc5
48. h5 Kg7 49. hxg6 hxg6 50. Re5 Rd1 51. Kg2 Kf6 52. Re8 Ba3 53. Rb8 Rd6 54.
Rf8+ Ke7 55. Rf7+ Ke8 56. Kg3 Ne6 57. Rb7 Bc5 58. Rh2 Nf8 59. Rh8 Rd1 60. Rb8+
Kd7 61. Rhxf8 1-0

[Event "Women's Speed Chess Q1"]
[Site "chess.com INT"]
[Date "2020.06.18"]
[Round "9"]
[White "Allahverdiyeva, Ayan"]
[Black "Koridze, Lile"]
[Result "1-0"]
[WhiteTitle "WFM"]
[BlackTitle "WFM"]
[WhiteElo "2088"]
[BlackElo "1996"]
[WhiteFideId "13412590"]
[BlackFideId "13612514"]
[EventDate "2020.06.18"]

1. e4 c5 2. Nf3 d6 3. d4 cxd4 4. Nxd4 Nf6 5. Nc3 Nc6 6. Bc4 e6 7. Bb3 Be7 8. Be3
O-O 9. Qe2 a6 10. O-O-O Qc7 11. g4 b5 12. g5 Nd7 13. Rhg1 Nce5 14. g6 Nf6 15.
gxf7+ Kxf7 16. Nf5 Ng6 17. h4 Rg8 18. Bh6 Bf8 19. h5 gxh6 20. hxg6+ hxg6 21. Nd4
h5 22. f4 Bh6 23. Kb1 Bxf4 24. Rdf1 g5 25. Nf5 Kf8 26. Qd1 Rh8 27. Ne2 exf5 28.
Rxf4 gxf4 29. Nxf4 Rh7 30. Qd4 Ng4 31. Ng6+ Ke8 32. Qd5 Qf7 33. Qxa8 Qb7 34.
Qxb7 Bxb7 35. exf5 Ne5 36. Nxe5 dxe5 37. f6 Kf8 38. f7 Ke7 39. Rg8 Rxf7 40. Bxf7
Kxf7 41. Rh8 Kg6 42. Kc1 Bf3 43. Kd2 Kf5 44. Ke3 Bd1 45. c3 Kg4 46. Rg8+ Kf5 47.
b3 Bg4 48. Rh8 Kg5 49. c4 bxc4 50. bxc4 Be6 51. c5 Bd5 52. Re8 Kf5 53. Rd8 Bc6
54. Rd6 1-0

[Event "Women's Speed Chess Q1"]
[Site "chess.com INT"]
[Date "2020.06.18"]
[Round "9"]
[White "Idrisova, Roza"]
[Black "Eswaran, Ashritha"]
[Result "0-1"]
[WhiteTitle "WFM"]
[BlackTitle "WIM"]
[WhiteElo "1960"]
[BlackElo "2244"]
[WhiteFideId "4146662"]
[BlackFideId "2080788"]
[EventDate "2020.06.18"]

1. d4 Nf6 2. Nf3 e6 3. Bg5 c5 4. c3 Nc6 5. e3 d5 6. Nbd2 Be7 7. Bd3 O-O 8. O-O
b6 9. Ne5 Bb7 10. f4 Ne4 11. Bxe7 Nxe7 12. Rf3 f6 13. Ng4 Nf5 14. Rh3 Nfd6 15.
Nf2 Qe7 16. Ndxe4 dxe4 17. Bc2 e5 18. fxe5 fxe5 19. Qh5 g6 20. Qxe5 Qxe5 21.
dxe5 Nf7 22. Ng4 Ng5 23. Rg3 Rf5 24. h4 Nf7 25. Nf6+ Kg7 26. Bxe4 Bxe4 27. Nxe4
Rxe5 28. Ng5 Nxg5 29. hxg5 Rf8 30. Rf1 Rfe8 31. Rff3 Re4 32. Kf2 R8e5 33. Rf4 c4
34. Rxe4 Rxe4 35. Kf3 Re5 36. e4 Rb5 37. b4 cxb3 38. axb3 Rxb3 39. Kf4 a5 40.
Rd3 a4 41. Rd7+ Kf8 42. Ra7 b5 43. Ke5 Rxc3 44. Ke6 Rc6+ 45. Kd5 Rc3 46. e5 a3
47. Kd6 b4 48. Ra8+ Kg7 49. Ra7+ Kf8 50. e6 Rd3+ 51. Ke5 Rd2 52. Ra8+ Ke7 53.
Ra7+ Ke8 54. Kf6 Rf2+ 55. Ke5 a2 56. Ra8+ Ke7 57. Ra7+ Kd8 58. Ra8+ Kc7 59. e7
Re2+ 60. Kf6 b3 61. Ra5 Rxe7 62. Kxe7 b2 63. Rxa2 b1=Q 64. Ra7+ Kb6 65. Rd7 Qf5
66. Rd6+ Kc5 67. Rf6 Qxg5 68. Kf7 Kd5 69. Kg7 Ke5 70. Ra6 Qe7+ 71. Kh6 Kf4 72.
Ra4+ Kg3 73. Ra2 Qf8+ 74. Kxh7 Qf7+ 75. Kh6 Qxa2 0-1

[Event "Women's Speed Chess Q1"]
[Site "chess.com INT"]
[Date "2020.06.18"]
[Round "9"]
[White "Bogumil, Tatiana"]
[Black "Xu, Yuanyuan"]
[Result "1-0"]
[WhiteTitle "WGM"]
[BlackTitle "WGM"]
[WhiteElo "2182"]
[BlackElo "2317"]
[WhiteFideId "4110579"]
[BlackFideId "8601089"]
[EventDate "2020.06.18"]

1. Nf3 d5 2. c4 d4 3. g3 c5 4. b4 cxb4 5. a3 e6 6. Bg2 Nc6 7. O-O Nf6 8. d3 Be7
9. axb4 Bxb4 10. Ba3 Bxa3 11. Nxa3 O-O 12. Qa4 Bd7 13. Rfb1 Rc8 14. Nb5 Ra8 15.
Qa3 b6 16. Nbxd4 Qc7 17. Nb5 Qb7 18. Ne5 a6 19. Nd6 Qc7 20. Nxd7 Nxd7 21. d4
Rfd8 22. e3 Nf6 23. Ne4 Nxe4 24. Bxe4 Ra7 25. Rc1 Qd6 26. Qxd6 Rxd6 27. c5 bxc5
28. Rxc5 Ne7 29. Bd3 f5 30. Rca5 Kf7 31. h4 Nd5 32. Kg2 Nb4 33. Bc4 Rc6 34. Be2
Kf6 35. Rb1 Nd5 36. Rb2 Nc3 37. Bf3 Ne4 38. g4 g6 39. Bxe4 fxe4 40. Kg3 Rc3 41.
Kf4 Rc1 42. Kxe4 Rh1 43. h5 gxh5 44. gxh5 Rh4+ 45. f4 Rh1 46. Rb6 Rh2 47. f5
Rh4+ 48. Kd3 Rxh5 49. Rxe6+ Kf7 50. Rb6 Rg5 51. Ke4 Rg4+ 52. Kf3 Rg5 53. Kf4 Rg1
54. Raxa6 Rf1+ 55. Ke4 Re7+ 56. Re6 Rf2 57. Rxe7+ Kxe7 58. Ra7+ Kf6 59. Rxh7 1-0

[Event "Women's Speed Chess Q1"]
[Site "chess.com INT"]
[Date "2020.06.18"]
[Round "9"]
[White "Tokhirjonova, Gulrukhbegim"]
[Black "Dzagnidze, Nana"]
[Result "1-0"]
[WhiteTitle "WGM"]
[BlackTitle "GM"]
[WhiteElo "2378"]
[BlackElo "2524"]
[WhiteFideId "14203626"]
[BlackFideId "13601903"]
[EventDate "2020.06.18"]

1. e4 c5 2. Nf3 Nc6 3. Bb5 g6 4. c3 Bg7 5. O-O Nf6 6. Qe2 O-O 7. d4 cxd4 8. cxd4
d6 9. h3 Bd7 10. Nc3 Rc8 11. Be3 Nb4 12. Bc4 Nxe4 13. Nxe4 d5 14. Nc5 dxc4 15.
Qxc4 Na6 16. Rfd1 Qc7 17. Qb3 Nxc5 18. dxc5 Bc6 19. Nd4 Be4 20. f3 Bc6 21. Nxc6
bxc6 22. Qc2 Rfd8 23. Bf2 Qb7 24. Rab1 a5 25. b3 Bf6 26. Rd3 Rd7 27. Rbd1 Rcd8
28. g3 h5 29. h4 Qc7 30. Kg2 Be5 31. R1d2 Kg7 32. Qd1 Rxd3 33. Rxd3 Rxd3 34.
Qxd3 Bf6 35. Be1 Qe5 36. Bxa5 Qb2+ 37. Qd2 Qa1 38. a4 Bd4 39. f4 Qg1+ 40. Kf3
Qf1+ 41. Ke4 Qa1 42. Kd3 Bf6 43. Bc3 Qb1+ 44. Kc4 Qf1+ 45. Qd3 Qc1 46. Qd2 Qf1+
47. Qd3 Qc1 48. a5 Kg8 49. a6 Qa3 50. Bxf6 Qxa6+ 51. Kc3 Qa5+ 52. b4 Qa3+ 53.
Kc2 Qa2+ 54. Bb2 Qa4+ 55. Qb3 Qb5 56. Bc3 Qe2+ 57. Bd2 Qe4+ 58. Qd3 Qg2 59. b5
cxb5 60. Qxb5 Qxg3 61. Qc4 Qg4 62. c6 Qf5+ 63. Kc1 Qc8 64. c7 e6 65. Bc3 Kh7 66.
Be5 Qb7 67. c8=Q Qh1+ 68. Kb2 Qg2+ 69. Qc2 Qf3 70. Q8c3 Qb7+ 71. Q3b3 Qa8 72.
Bf6 Qh1 73. Bg5 1-0

[Event "Women's Speed Chess Q1"]
[Site "chess.com INT"]
[Date "2020.06.18"]
[Round "9"]
[White "Hng, Mei-En Emmanuelle"]
[Black "Shafigullina, Zarina"]
[Result "0-1"]
[WhiteTitle "WFM"]
[BlackTitle "WFM"]
[WhiteElo "2029"]
[BlackElo "2296"]
[WhiteFideId "5804566"]
[BlackFideId "24174220"]
[EventDate "2020.06.18"]

1. e4 c5 2. d4 cxd4 3. c3 dxc3 4. Nxc3 Nc6 5. Bc4 e6 6. Nf3 d6 7. O-O Nf6 8. Qe2
a6 9. Rd1 Qc7 10. Bf4 Ne5 11. Bb5+ axb5 12. Nxe5 dxe5 13. Nxb5 Qb8 14. Rac1 exf4
15. Nc7+ Ke7 16. Qd3 Bd7 17. Nxa8 Qxa8 18. Qd6+ Ke8 19. Qc7 Be7 20. Qxf4 b5 21.
f3 h5 22. a3 Rh6 23. Rc7 Qb8 24. Qc1 Bd8 25. Rc2 Rg6 26. Kh1 h4 27. Rcd2 Qc7 28.
Qb1 h3 29. g3 Be7 30. b4 Bd8 31. Rc2 Qb8 32. Rcd2 Qb7 33. Qd3 Qc7 34. Qd4 Qc4
35. Qd6 Qc7 36. Qd4 Qc6 37. Rd3 Qc4 38. Qd6 Qc7 39. Qd4 Be7 40. Rc3 Qb7 41. Rdc1
Bd8 42. Rc5 Qb6 43. Qe5 Qb7 44. R5c3 Qb6 45. Rc5 Qb7 46. R5c3 Qa7 47. Rc5 Qxa3
48. Qd6 Qxb4 49. e5 Nd5 50. Rxd5 Qxd6 51. Rxd6 Be7 52. Rb6 b4 53. Rb8+ Bd8 54.
Rb1 Rg5 55. R1xb4 Rxe5 56. Rb1 Rd5 57. Kg1 Bc6 58. Kf2 Ke7 59. Ke3 Rd7 60. Rc1
Bd5 61. Rbb1 f5 62. f4 Kf6 63. Rb6 Be7 64. Ra6 Rb7 65. Ke2 Rb2+ 66. Kd3 Rxh2 67.
Rd1 Rg2 68. Kc3 Rxg3+ 69. Kd4 Be4 70. Rc1 Rf3 0-1

[Event "Women's Speed Chess Q1"]
[Site "chess.com INT"]
[Date "2020.06.18"]
[Round "9"]
[White "Michelle Catherina, P"]
[Black "Goltseva, Ekaterina"]
[Result "0-1"]
[WhiteTitle "WIM"]
[BlackTitle "FM"]
[WhiteElo "2176"]
[BlackElo "2306"]
[WhiteFideId "5005736"]
[BlackFideId "24173770"]
[EventDate "2020.06.18"]

1. e4 e5 2. Nf3 Nc6 3. Bb5 a6 4. Ba4 Nf6 5. O-O Be7 6. Re1 b5 7. Bb3 d6 8. c3
O-O 9. h3 Nd7 10. d4 Bf6 11. Be3 Na5 12. Bc2 Nc4 13. Bc1 exd4 14. cxd4 c5 15. b3
cxd4 16. Bd3 Ncb6 17. Bb2 Nc5 18. Nxd4 Nxd3 19. Qxd3 Bb7 20. Nc3 Re8 21. Ba3 d5
22. exd5 Rxe1+ 23. Rxe1 Nxd5 24. Ne4 Nf4 25. Nxf6+ Qxf6 26. Qe3 h6 27. Be7 Qg6
28. Qg3 Nxg2 29. Qxg6 fxg6 30. Rc1 Nf4 31. Rc7 Bd5 32. Kh2 Re8 33. Bd6 Nd3 34.
Re7 Rxe7 35. Bxe7 Nc1 36. a4 Nxb3 37. Nxb3 Bxb3 38. axb5 axb5 39. Kg3 Kf7 40.
Bb4 g5 41. Kf3 Be6 42. Kg3 Kg6 43. h4 g4 44. Be7 Kf7 45. Bb4 g6 46. Kf4 Bf5 47.
Bd2 Ke6 48. Ke3 Kd5 49. Bc1 Kc4 50. Kd2 b4 51. Bb2 Kb3 52. Kc1 Kc4 53. Bg7 h5
54. Kb2 Be6 55. Be5 Kd3 56. Bg3 Ke2 57. Kb1 Kf3 58. Kb2 Bd5 59. Kb1 Kg2 60. Kb2
Kh3 61. Kb1 g5 62. hxg5 h4 63. Bf4 Kg2 64. g6 h3 65. g7 h2 66. Bxh2 Kxh2 67. Kb2
Kg2 68. Kc2 Kxf2 69. g8=Q Bxg8 0-1

[Event "Women's Speed Chess Q1"]
[Site "chess.com INT"]
[Date "2020.06.18"]
[Round "9"]
[White "Zavivaeva, Emilia"]
[Black "Shukhman, Anna"]
[Result "0-1"]
[WhiteTitle "WCM"]
[BlackTitle "WCM"]
[WhiteElo "1735"]
[BlackElo "1866"]
[WhiteFideId "34127531"]
[BlackFideId "54180058"]
[EventDate "2020.06.18"]

1. e4 c5 2. Nf3 e6 3. d4 cxd4 4. Nxd4 Nf6 5. Nc3 d6 6. Be3 Nc6 7. f3 Bd7 8. Qd2
Qa5 9. g4 h6 10. h4 Rc8 11. O-O-O Ne5 12. Kb1 Nc4 13. Bxc4 Rxc4 14. g5 Ng8 15.
Nb3 Qc7 16. Bf4 e5 17. Nd5 Qb8 18. Bg3 Ne7 19. Bxe5 Nxd5 20. Qxd5 Be6 21. Qb5+
Rc6 22. Bg3 a6 23. Qd3 Be7 24. Nd4 Rc8 25. g6 Bc4 26. gxf7+ Kxf7 27. Qe3 Qc7 28.
Nf5 Be6 29. Rh2 Bxf5 30. exf5 Rhe8 31. Qe6+ Kf8 32. Qb3 Qc5 33. Rhd2 Qxf5 34.
Bxd6 Bxd6 35. Rxd6 Qf7 36. Qxf7+ Kxf7 37. Rd7+ Re7 38. Rxe7+ Kxe7 39. Re1+ Kd6
40. Rd1+ Ke6 41. Re1+ Kd6 42. Rg1 Rc7 43. b3 Rf7 44. Rg6+ Ke5 45. Rb6 Kf4 46.
Re6 Kxf3 47. Kb2 g5 48. Rxh6 g4 49. Rg6 g3 50. h5 g2 51. h6 Kf2 52. h7 Rxh7 53.
Rf6+ Kg3 54. Rg6+ Kh2 55. c4 g1=Q 56. Rxg1 Kxg1 57. c5 Rh4 58. b4 Kf2 59. Kc3
Ke3 60. a4 Ke4 61. b5 axb5 62. axb5 Kd5 63. c6 bxc6 64. bxc6 Kxc6 65. Kb2 Kc5
66. Ka1 Rh2 67. Kb1 Kc4 68. Kc1 Kd3 69. Kd1 Rh1# 0-1

[Event "Women's Speed Chess Q1"]
[Site "chess.com INT"]
[Date "2020.06.18"]
[Round "9"]
[White "Batsiashvili, Nino"]
[Black "Bulmaga, Irina"]
[Result "0-1"]
[WhiteTitle "GM"]
[BlackTitle "IM"]
[WhiteElo "2457"]
[BlackElo "2440"]
[WhiteFideId "13602993"]
[BlackFideId "13903063"]
[EventDate "2020.06.18"]

1. d4 Nf6 2. Nf3 e6 3. Bf4 b6 4. e3 Bb7 5. Nbd2 g6 6. a4 a5 7. h3 Bg7 8. Bd3 d6
9. O-O Nbd7 10. c3 O-O 11. Bh2 Qe7 12. Nc4 Rfe8 13. Qe2 Ne4 14. Rfd1 f5 15. Na3
Ndf6 16. c4 Rf8 17. Nb5 g5 18. Nd2 Nxd2 19. Rxd2 Ne4 20. Rc2 Rf7 21. f3 Nf6 22.
c5 dxc5 23. dxc5 Nd5 24. c6 Ba6 25. e4 Nb4 26. exf5 exf5 27. Qxe7 Rxe7 28. Bc4+
Kf8 29. Rd2 Bxb5 30. axb5 f4 31. Kf1 Ke8 32. Rad1 Kf8 33. g3 Be5 34. gxf4 gxf4
35. Bg1 Rae8 36. Bd4 Kg7 37. Bxe5+ Rxe5 38. Rd7+ R8e7 39. Rxe7+ Rxe7 40. Rd4 Nc2
41. Rxf4 Ne3+ 42. Kf2 Nxc4 43. Rxc4 Re5 44. Rd4 Rxb5 45. Rd7+ Kg6 46. Rxc7 Rxb2+
47. Ke3 Rc2 48. Rc8 Kg7 49. Kd3 Rc5 50. c7 a4 51. Ra8 Rxc7 52. Rxa4 Re7 53. Ra6
Re6 54. Ra7+ Kg6 55. Rb7 h5 56. Kd4 Kg5 57. Kd5 Rf6 58. Ke4 Kh4 59. f4 Kxh3 60.
Ke5 Rf8 61. f5 h4 62. Rxb6 Kg3 63. Rg6+ Kf2 64. Rh6 Kg3 65. Rg6+ Kf2 66. Kf4 h3
67. Rh6 Kg2 68. Kg5 h2 69. f6 h1=Q 70. Rxh1 Kxh1 71. Kg6 Rxf6+ 72. Kg7 Rf2 73.
Kg6 Kg2 74. Kg5 Kg3 75. Kg6 Ra2 76. Kg7 Ra5 77. Kf6 Kg4 78. Ke6 Kg5 79. Kd6 Rf5
80. Kc6 Kf4 81. Kb6 Ke4 82. Kc7 Re5 83. Kc6 Kd4 84. Kd6 Rh5 85. Kc6 Rh6+ 86. Kc7
Kd5 87. Kd8 Rh7 88. Ke8 Ke6 89. Kf8 Kf6 90. Kg8 Rb7 91. Kh8 Kg6 92. Kg8 Rb8# 0-1

[Event "Women's Speed Chess Q1"]
[Site "chess.com INT"]
[Date "2020.06.18"]
[Round "9"]
[White "Stefanova, Antoaneta"]
[Black "Ning, Kaiyu"]
[Result "1/2-1/2"]
[WhiteTitle "GM"]
[BlackTitle "WIM"]
[WhiteElo "2462"]
[BlackElo "2327"]
[WhiteFideId "2902257"]
[BlackFideId "8614750"]
[EventDate "2020.06.18"]

1. d4 d5 2. Nf3 Nf6 3. e3 e6 4. Bd3 Bd6 5. O-O O-O 6. b3 b6 7. Bb2 Bb7 8. Nbd2
Nbd7 9. Ne5 c5 10. f4 Rc8 11. Qf3 cxd4 12. exd4 Bb4 13. Rad1 Bxd2 14. Rxd2 Ne4
15. Bxe4 dxe4 16. Qe3 f6 17. Nxd7 Qxd7 18. c4 b5 19. Rc1 Rc7 20. Rdc2 Rfc8 21.
Ba3 bxc4 22. bxc4 Ba6 23. Bc5 f5 24. h3 Rb7 25. Qa3 Qc6 26. Rb2 Rcb8 27. Rxb7
Rxb7 28. Kh2 h6 29. d5 exd5 30. cxd5 Qb5 31. d6 Qe2 32. Bd4 Kh7 33. Rc7 Rxc7 34.
dxc7 Qc4 35. Qc5 Qxc5 36. Bxc5 Bc8 37. Bxa7 Kg6 38. Kg1 Kf7 39. Kf2 Ke6 40. Bd4
g6 41. Ke3 Kd5 42. a4 h5 43. a5 Ba6 44. Bb6 Bc8 45. Kd2 Kc4 46. Kc2 Ba6 47. Kd2
Bc8 48. Ke3 Kd5 49. Kf2 Ke6 50. Kg3 Kf6 51. Kh4 Bb7 52. Bd4+ Kf7 53. Kg5 Bc8 54.
g3 Bb7 55. g4 hxg4 56. hxg4 fxg4 57. Kxg4 Bc8+ 58. Kg5 Bb7 59. f5 gxf5 60. Kxf5
Ke7 61. Ke5 Kd7 62. Bb6 Ke7 63. Kd4 Kd6 64. Kc4 Ba6+ 65. Kb4 Kd7 66. Kc3 Kc6 67.
Kd4 Kb7 68. Kxe4 Bb5 69. Kd4 Bd7 70. Kc5 Bc8 71. Kd6 Ka8 72. Ke7 Kb7 73. Kd8 Bf5
74. Bd4 Bg4 75. Bc3 Bh3 76. Be5 Bg4 77. Bd4 Bh3 78. Bb6 Bg4 79. Ke7 Bc8 80. Kd6
Ka8 81. Kc6 Bf5 82. a6 Bc8 83. Kb5 Bxa6+ 84. Kxa6 1/2-1/2